El Llano en llamas / (Registro nro. 14495)
[ vista simple ]
| 000 -LIDER | |
|---|---|
| fixed length control field | 00698nam a22002537a 4500 |
| 001 - NÚMERO DE CONTROL | |
| Identificador de número de control | 89318 |
| 003 - IDENTIFICACDOR DE NÚMERO DE CONTROL | |
| control field | DO-SdBNP |
| 005 - DATE AND TIME OF LATEST TRANSACTION | |
| control field | 20231201114913.0 |
| 007 - CAMPOS FIJOS DE DESCRIPCIÓN FÍSICA | |
| fixed length control field | 89318 |
| 008 - ELEMENTOS DE LONGITUD FIJA | |
| fixed length control field | 931220s1993 sp | ||spa |
| 020 ## - ISBN | |
| International Standard Book Number | 8481300144 |
| 040 ## - FUENTE DE CATALOGACIÓN | |
| Agencia que crea de manera original el registro | BPMSU |
| Idioma de catalogación | spa |
| Agencia que realiza la transcripción | BPMSU |
| 082 #4 - NÚMERO DE CLASIFICACIÓN DECIMAL DE DEWEY | |
| Classification number | M863.6 |
| Item number | R926ll 2000 |
| Edition number | 22 |
| 100 1# - ASIENTO PRINCIPAL -- NOMBRE PERSONAL | |
| Nombre personal | Rulfo, Juan |
| Fechas asociadas con el nombre | 1918-1986 |
| 245 13 - MENCIÓN DE TITULO | |
| Título | El Llano en llamas / |
| Mención de responsabilidad | Juan Rulfo |
| 260 ## - PUBLICACIÓN, DISTRIBUCIÓN, ETC. (PIE DE IMPRENTA) | |
| Lugar de publicación, distribución, etc | Barcelona : |
| Nombre del editor, distribuidor, etc. | Editorial Debate |
| Fecha de publicación, distribución, etc | 2000 |
| 300 ## - DESCRIPCIÓN FÍSICA | |
| Extensión | 210 p. ; |
| Dimensiones | 21 cm. |
| 590 ## - NOTA LOCAL | |
| Texto de la nota local | Invetariado, 2023/VM |
| 650 #4 - ENCABEZAMIENTO DE MATERIA--TEMÁTICO | |
| Término temático o nombre geográfico como elemento de entrada | Cuentos mexicanos |
| 650 #4 - ENCABEZAMIENTO DE MATERIA--TEMÁTICO | |
| Término temático o nombre geográfico como elemento de entrada | Violencia |
| Subdivisión de forma | Cuentos |
| 651 #4 - ENCABEZAMIENTO DE MATERIA--NOMBRE GEOGRÁFICO | |
| Nombre geográfico | México |
| Subdivisión temática general | Historia |
| Subdivisión cronológica | Revolución, 1946 |
| 910 ## - VALIDACIÓN | |
| Validación | VMateo V. Control de calidad. BPMSU |
| 942 ## - ADDED ENTRY ELEMENTS (KOHA) | |
| Source of classification or shelving scheme | Dewey Decimal Classification |
| Koha item type | Libros |
| Withdrawn status | Lost status | Source of classification or shelving scheme | Damaged status | Not for loan | Collection code | Home library | Current library | Date acquired | Total Checkouts | Full call number | Barcode | Date last seen | Price effective from | Koha item type |
|---|---|---|---|---|---|---|---|---|---|---|---|---|---|---|
| Dewey Decimal Classification | Colección General | Biblioteca Pública Metropolitana Salomé Ureña | Biblioteca Pública Metropolitana Salomé Ureña | 12/01/2023 | BPMSU CG M863.6 R926ll 2000 | BPMSU23120002 | 12/01/2023 | 12/01/2023 | Libros |